International journal of instructional media

Detalles Bibliográficos
Formato: Electrónico Revista
Lenguaje:inglés
Publicado: [Farmingdale, N.Y.] Baywood Pub. Co.
Materias:
Acceso en línea:Full text available from Research Library: 01/01/1997 to 10/31/2005

MARC

LEADER 00000nas a2200000 4500
001 ssj0012051
003 WaSeSS
005 20200512172242.0
006 m d
007 cr n
008 740103d19732012nyuqr p s 0 a0eng
010 |a  73646920  
016 |a (AMICUS)000000096624 
016 7 |a 9877780  |2 DNLM 
016 7 |a I27180000  |2 DNLM 
016 7 |a AA00680432  |2 JP-ToKJK 
016 7 |a 009858558  |2 Uk 
022 |l 0092-1815  |y 0092-1815 
035 |a (WaSeSS)ssj0012051 
037 |b 43 Central Drive, 11735 
040 |a DLC  |b eng  |c DLC  |d NSD  |d OCL  |d NST  |d RCS  |d NST  |d AIP  |d NSD  |d NST  |d OCL  |d NLM  |d OCLCQ  |d OSU  |d LVB  |d OCLCQ  |d WAU  |d UKMGB  |d OCLCF  |d OCLCO  |d IUL  |d FC@  |d GILDS  |d NLC  |d OCLCQ  |d WaSeSS 
042 |a pcc  |a nsdp 
050 0 0 |a LB1043  |b .I574 
082 0 |a 371.3/078 
210 0 |a Int. j. instr. media 
222 0 |a International journal of instructional media 
245 0 0 |a International journal of instructional media  |h [electronic resource]. 
246 1 |i Volumes for <2010-> have additional title:  |a IJIM 
260 |a [Farmingdale, N.Y.]  |b Baywood Pub. Co. 
362 0 |a v. 1- fall 1973- 
362 1 |a Ceased with v. 39 (2012).  |z Cf. Harrassowitz. 
500 |a Published by: Westwood Press, <2010-> 
506 |a License restrictions may limit access. 
650 0 |a Teaching  |x Aids and devices  |v Periodicals. 
650 0 |a School facilities  |v Periodicals. 
650 6 |a Matériel didactique  |v Périodiques. 
650 6 |a Équipements scolaires  |v Périodiques. 
650 7 |a School facilities.  |2 fast  |0 (OCoLC)fst01107385 
650 7 |a Teaching  |x Aids and devices.  |2 fast  |0 (OCoLC)fst01144567 
655 0 |a Electronic journals. 
850 |a AAP  |a AU  |a ArU  |a CLSU  |a CLU  |a CSt  |a CaBVaU  |a CaOONL  |a CaQMU  |a CaSRU  |a CtU  |a DLC  |a GU  |a IC  |a INS  |a IaU  |a InU  |a KMK  |a KU  |a LU  |a MBU  |a MChB  |a MdU  |a MoU  |a MsU  |a NcRS  |a NjR  |a PPD  |a PPiU  |a TU  |a TxCM  |a ULA  |a UPB  |a ViBlbV  |a ViU  |a WU  |a WaU  |a WvU  |a WyU 
853 2 0 |8 1  |a v.  |b no.  |u 4  |v r  |i (year)  |w q 
856 4 0 |z Full text available from Research Library: 01/01/1997 to 10/31/2005  |u https://search.proquest.com/publication/30932 
863 4 1 |8 1.1  |a <33>  |b <3>  |i <2006>